[Event "Pirai do Sul op 25th"]
[Site "Chess.com INT"]
[Date "2020.12.28"]
[Round "10"]
[White "Machado, Paulo Brizola"]
[Black "Silva Jr, Maurides Ferreira D"]
[Result "0-1"]
[WhiteElo "1577"]
[BlackElo "1612"]
[PlyCount "100"]
[EventDate "2020.12.26"]
[EventType "swiss"]
[EventRounds "12"]
[EventCountry "BRA"]
[SourceTitle "CBM 200 Extra"]
[Source "ChessBase"]
[SourceDate "2021.03.31"]
[SourceVersion "1"]
[SourceVersionDate "2021.03.31"]
[SourceQuality "1"]

1. e4 c6 2. c3 d5 3. e5 Bf5 4. Nf3 e6 5. Be2 Nd7 6. d4 Ne7 7. 0-0 h6 8. Na3 Qc7 9. Nc2 Rc8 10. Bd2 Bxc2 11. Qxc2 c5 12. Qa4 Nc6 13. Rfc1 Nb6 14. Qd1 Be7 15. b4 c4 16. a4 0-0 17. Qc2 Rfe8 18. h3 Rcd8 19. Rcb1 Nc8 20. Nh2 a5 21. b5 Nxe5 22. dxe5 Qxe5 23. Be3 Bd6 24. Ng4 Qf5 25. Qd2 h5 26. Nh2 Ne7 27. Nf1 h4 28. Bg5 f6 29. Be3 g5 30. Bg4 Qg6 31. Bxe6+ Kg7 32. Re1 Qd3 33. Qxd3 cxd3 34. Rad1 Ng6 35. Rxd3 Rxe6 36. Rxd5 Bh2+ 37. Nxh2 Rxd5 38. Rc1 Rd3 39. Bd4 Re2 40. Kf1 Ra2 41. Nf3 Nf4 42. c4 Rxa4 43. c5 Raxd4 44. c6 bxc6 45. bxc6 Rd1+ 46. Rxd1 Rxd1+ 47. Ne1 Rc1 48. g3 Ne6 49. gxh4 Rxc6 50. hxg5 Nxg5 0-1

[Event "Pirai do Sul op 25th"]
[Site "Chess.com INT"]
[Date "2020.12.28"]
[Round "9"]
[White "Silva Jr, Maurides Ferreira D"]
[Black "Machado, Paulo Brizola"]
[Result "1-0"]
[WhiteElo "1612"]
[BlackElo "1577"]
[PlyCount "125"]
[EventDate "2020.12.26"]
[EventType "swiss"]
[EventRounds "12"]
[EventCountry "BRA"]
[SourceTitle "CBM 200 Extra"]
[Source "ChessBase"]
[SourceDate "2021.03.31"]
[SourceVersion "1"]
[SourceVersionDate "2021.03.31"]
[SourceQuality "1"]

1. Nf3 d5 2. e4 dxe4 3. Ng5 e5 4. h4 Nc6 5. Bc4 Nh6 6. Nc3 Be7 7. Ncxe4 Na5 8. c3 Nxc4 9. Qa4+ Qd7 10. Qxc4 b5 11. Qe2 0-0 12. 0-0 Bb7 13. d3 Rad8 14. Nf3 Ng4 15. Ng3 Rfe8 16. Bg5 f6 17. Be3 Nxe3 18. Qxe3 Qxd3 19. Qxd3 Rxd3 20. Rfd1 Red8 21. Rxd3 Rxd3 22. Nf5 Bc5 23. Ne1 Rd2 24. Ne3 Bxe3 25. fxe3 Rxb2 26. a4 bxa4 27. Rxa4 a6 28. Nf3 h5 29. Rc4 c6 30. e4 Rb3 31. Nd2 Ra3 32. Rb4 Ra1+ 33. Kf2 a5 34. Rxb7 a4 35. Ra7 a3 36. Nc4 a2 37. Ne3 Kh7 38. Nf1 Rc1 39. Rxa2 Rxc3 40. Rd2 Rc1 41. Ke2 c5 42. Rd5 c4 43. Rc5 c3 44. Ne3 g5 45. hxg5 fxg5 46. Rxe5 Kg6 47. Rc5 h4 48. Rc6+ Kh5 49. Kd3 Ra1 50. Rxc3 Ra7 51. Rc5 Rd7+ 52. Ke2 Re7 53. Kf3 Rf7+ 54. Rf5 Ra7 55. e5 Ra1 56. e6 Ra8 57. Re5 Re8 58. e7 Kg6 59. Kg4 Kf7 60. Kxg5 h3 61. gxh3 Rg8+ 62. Kf4 Re8 63. h4 1-0